[Event "Cto Equipos Aragon 2013 DH Descenso"]
[Site "Aragon"]
[Date "2013.03.23"]
[Round "9.21"]
[White "Villuendas Valero, Adrian"]
[Black "Salamero Pelay, Fernando"]
[Result "0-1"]
[WhiteElo "2301"]
[BlackElo "2140"]
[PlyCount "90"]
[EventDate "2013.??.??"]
[EventType "tourn"]
[EventRounds "4"]
[EventCountry "ESP"]
[WhiteTeam "Ramiro"]
[BlackTeam "Club Atletismo Huesca"]

1. d4 e6 2. e4 d5 3. Nc3 Bb4 4. e5 c5 5. a3 Bxc3+ 6. bxc3 Qa5 7. Bd2 Qa4 8. Qg4
g6 9. Qd1 cxd4 10. Rb1 Qxa3 11. cxd4 Nc6 12. Nf3 Qe7 13. Bd3 Qc7 14. h4 h6 15.
O-O Bd7 16. Qc1 O-O-O 17. Qa3 Nge7 18. Ra1 Kb8 19. Rfb1 Nc8 20. Bb5 N6e7 21.
Ba6 Bc6 22. Bb4 b6 23. Rb3 Qd7 24. Rc3 Bb7 25. Bxe7 Nxe7 26. Bb5 Bc6 27. Bd3
Nc8 28. Rb3 Qe7 29. Qc1 Rdg8 30. g4 Rd8 31. Qf4 g5 32. hxg5 hxg5 33. Qe3 Rh3
34. Bf1 Rh6 35. Bg2 Rg8 36. Ne1 f5 37. exf6 Qxf6 38. Nd3 Rg7 39. Qg3+ Ka8 40.
Ne5 Bb7 41. Rf3 Qe7 42. Rfa3 Rgh7 43. Qc3 Qc7 44. Qb4 Rh8 45. Rc3 Qh7 0-1

[Event "Cto Equipos Aragon 2013 DH Descenso"]
[Site "Aragon"]
[Date "2013.03.23"]
[Round "9.22"]
[White "Luis Vitalla, Fernando Maria"]
[Black "Sacristan Latorre, Alberto"]
[Result "1/2-1/2"]
[WhiteElo "2152"]
[BlackElo "2063"]
[PlyCount "92"]
[EventDate "2013.??.??"]
[EventType "tourn"]
[EventRounds "4"]
[EventCountry "ESP"]
[WhiteTeam "Club Atletismo Huesca"]
[BlackTeam "Ramiro"]

1. d4 Nf6 2. c4 g6 3. Nc3 Bg7 4. e4 d6 5. Nf3 O-O 6. Be2 e5 7. d5 Nbd7 8. Bg5
h6 9. Bh4 a5 10. Nd2 Nc5 11. f3 Bd7 12. Nb5 c6 13. Nxd6 Qc7 14. dxc6 Bxc6 15.
Nb5 Bxb5 16. cxb5 Rfd8 17. Rc1 Rac8 18. O-O h5 19. Bf2 Qe7 20. Be3 Bf8 21. Rc2
Ne8 22. Qe1 Ng7 23. Nc4 Nd3 24. Bxd3 Rxd3 25. Qe2 Rcd8 26. Nb6 Qb4 27. Nd5 Qxb5
28. Rd2 R3xd5 29. Qxb5 Rxb5 30. Rxd8 Rxb2 31. Bc5 Ne6 32. Rxf8+ Nxf8 33. a3 Kg7
34. Rd1 Rb3 35. Rd5 Ne6 36. Bd6 f6 37. Rxa5 Kf7 38. Ra7 Rb6 39. Bb4 Nd4 40. Kf2
Nc6 41. Ra4 Nxb4 42. Rxb4 Rxb4 43. axb4 Ke6 44. Ke3 Kd6 45. Kd3 Kc6 46. Kc4 b5+
1/2-1/2

[Event "Cto Equipos Aragon 2013 DH Descenso"]
[Site "Aragon"]
[Date "2013.03.23"]
[Round "9.23"]
[White "Colom Sienes, Eduardo"]
[Black "Gella Lopez, Angel"]
[Result "1-0"]
[WhiteElo "2028"]
[BlackElo "2092"]
[PlyCount "73"]
[EventDate "2013.??.??"]
[EventType "tourn"]
[EventRounds "4"]
[EventCountry "ESP"]
[WhiteTeam "Ramiro"]
[BlackTeam "Club Atletismo Huesca"]

1. e4 c5 2. Nf3 e6 3. d4 cxd4 4. Nxd4 Nc6 5. Nxc6 bxc6 6. Bd3 Nf6 7. O-O d5 8.
Nd2 Bc5 9. c4 Rb8 10. e5 Nd7 11. Nf3 f6 12. exf6 Nxf6 13. Ne5 Qc7 14. Bf4 Bd6
15. Qe2 dxc4 16. Bxc4 O-O 17. Rac1 Rb6 18. Bg3 Nd5 19. Bd3 Nf4 20. Bxf4 Rxf4
21. Nc4 Rf6 22. Nxd6 Qxd6 23. Rfd1 Qe7 24. Qe4 g6 25. b3 Bb7 26. Re1 c5 27. Qg4
Bd5 28. Bc4 Qf8 29. f3 Rb4 30. Qg3 Bxc4 31. Rxc4 Rxc4 32. bxc4 Rf4 33. Rxe6
Rxc4 34. Qe5 Rc1+ 35. Kf2 Rc2+ 36. Kg3 Qf5 37. Re8+ 1-0

[Event "Cto Equipos Aragon 2013 DH Descenso"]
[Site "Aragon"]
[Date "2013.03.24"]
[Round "9.24"]
[White "Laplaza Ara, Carlos"]
[Black "Palacios Herrero, Pablo"]
[Result "1-0"]
[WhiteElo "2020"]
[BlackElo "1963"]
[PlyCount "49"]
[EventDate "2013.??.??"]
[EventType "tourn"]
[EventRounds "4"]
[EventCountry "ESP"]
[WhiteTeam "Club Atletismo Huesca"]
[BlackTeam "Ramiro"]

1. d4 e6 2. c4 Nf6 3. Nc3 Bb4 4. a3 Bxc3+ 5. bxc3 c5 6. e3 O-O 7. Nf3 Nc6 8.
Bd3 b6 9. O-O Ba6 10. e4 Ne8 11. Qe2 Na5 12. Bf4 Rc8 13. d5 d6 14. e5 dxe5 15.
Nxe5 exd5 16. cxd5 c4 17. Bf5 Rc7 18. Nc6 Rxc6 19. dxc6 Nxc6 20. Rfe1 Nf6 21.
Rad1 Qa8 22. Bg5 Re8 23. Qf3 Bb7 24. Bxf6 gxf6 25. Qg3+ 1-0

[Event "Cto Equipos Aragon 2013 DH Descenso"]
[Site "Aragon"]
[Date "2013.03.23"]
[Round "9.25"]
[White "Gimenez Martinez, Alberto"]
[Black "Gil Capape, Marco Antonio"]
[Result "0-1"]
[WhiteElo "2171"]
[BlackElo "2084"]
[PlyCount "92"]
[EventDate "2013.??.??"]
[EventType "tourn"]
[EventRounds "4"]
[EventCountry "ESP"]
[WhiteTeam "St. Casablanca B"]
[BlackTeam "Caissa - Hnos. Cortes"]

1. e4 e6 2. d4 d5 3. e5 c5 4. c3 Nc6 5. Nf3 Qb6 6. Bd3 cxd4 7. cxd4 Bd7 8. O-O
Nxd4 9. Nxd4 Qxd4 10. Nc3 a6 11. Qe2 Qb6 12. Kh1 Ne7 13. f4 Bc6 14. f5 exf5 15.
e6 f6 16. Bxf5 g6 17. Bc2 Bg7 18. Be3 d4 19. Na4 Qb5 20. Qxb5 axb5 21. Nb6 dxe3
22. Nxa8 Nd5 23. Bb3 Ke7 24. Rfd1 Nf4 25. Nb6 Bxg2+ 26. Kg1 Bc6 27. Re1 f5 28.
Rad1 e2 29. Nd5+ Bxd5 30. Rxd5 Nxd5 31. Bxd5 Rd8 32. Bb3 Rd2 33. Kf2 Bd4+ 34.
Kf3 g5 35. h3 h5 36. Rh1 Kf6 37. Re1 g4+ 38. hxg4 hxg4+ 39. Kg3 Rd3+ 40. Kg2
Re3 41. Bd5 f4 42. Bxb7 Kxe6 43. Bc8+ Ke5 44. Ba6 f3+ 45. Kg3 Rd3 46. Kxg4 Rd1
0-1

[Event "Cto Equipos Aragon 2013 DH Descenso"]
[Site "Aragon"]
[Date "2013.03.23"]
[Round "9.26"]
[White "Carraminana Lopez, Luis Antonio"]
[Black "Arregui Untoria, Carlos"]
[Result "0-1"]
[WhiteElo "1998"]
[BlackElo "2101"]
[PlyCount "34"]
[EventDate "2013.??.??"]
[EventType "tourn"]
[EventRounds "4"]
[EventCountry "ESP"]
[WhiteTeam "Caissa - Hnos. Cortes"]
[BlackTeam "St. Casablanca B"]

1. e4 c5 2. Nf3 d6 3. Bb5+ Nd7 4. O-O a6 5. Bd3 g6 6. c3 Bg7 7. a4 b6 8. Bc2 e6
9. d4 Qc7 10. Bf4 e5 11. Be3 Ne7 12. Na3 O-O 13. Nc4 cxd4 14. Bb3 dxe3 15. Nxd6
Nc5 16. Nxf7 e2 17. N7xe5+ Kh8 0-1

[Event "Cto Equipos Aragon 2013 DH Descenso"]
[Site "Aragon"]
[Date "2013.03.23"]
[Round "9.27"]
[White "Jaques Burguete, Raul"]
[Black "Vasilev, Vas"]
[Result "1-0"]
[WhiteElo "2027"]
[BlackElo "1942"]
[PlyCount "77"]
[EventDate "2013.??.??"]
[EventType "tourn"]
[EventRounds "4"]
[EventCountry "ESP"]
[WhiteTeam "St. Casablanca B"]
[BlackTeam "Caissa - Hnos. Cortes"]

1. e4 g6 2. d4 d6 3. f4 c6 4. Nf3 d5 5. e5 Bg4 6. h3 Bxf3 7. Qxf3 e6 8. Bd3 h5
9. Be3 h4 10. Nd2 Nh6 11. O-O Nf5 12. Bf2 Nd7 13. Nb3 Be7 14. Rad1 Qb6 15. c4
a5 16. c5 Qa7 17. Rc1 a4 18. Nd2 Qa5 19. Qe2 Kd8 20. a3 Kc7 21. Nf3 Rag8 22.
Rc3 Ng3 23. Bxg3 hxg3 24. Ng5 Nxc5 25. dxc5 Bxc5+ 26. Kh1 Bd4 27. Rc2 Rf8 28.
Bxg6 fxg6 29. Nxe6+ Kb8 30. Nxd4 c5 31. Ne6 Rc8 32. Rfc1 b6 33. Qd3 d4 34. Qxg3
Qa8 35. Ng5 Qd5 36. Qd3 Rcf8 37. Qxg6 Qb7 38. Rc4 Qd7 39. Qxb6+ 1-0

[Event "Cto Equipos Aragon 2013 DH Descenso"]
[Site "Aragon"]
[Date "2013.03.23"]
[Round "9.28"]
[White "Galvez Perez, Jose Luis"]
[Black "Garcia Andres, Daniel"]
[Result "1/2-1/2"]
[WhiteElo "1925"]
[BlackElo "2024"]
[PlyCount "52"]
[EventDate "2013.??.??"]
[EventType "tourn"]
[EventRounds "4"]
[EventCountry "ESP"]
[WhiteTeam "Caissa - Hnos. Cortes"]
[BlackTeam "St. Casablanca B"]

1. d4 d6 2. e4 g6 3. Nc3 Bg7 4. Be3 e5 5. dxe5 Bxe5 6. Qd2 Nc6 7. f4 Bg7 8. Nf3
Nf6 9. Bb5 Bd7 10. O-O Qe7 11. Rae1 O-O 12. Bxc6 Bxc6 13. Bd4 Rad8 14. Nd5 Bxd5
15. exd5 Qd7 16. c4 Rfe8 17. Qd3 b6 18. h3 Qf5 19. Qxf5 gxf5 20. Nh4 Nh5 21.
Nxf5 Bxd4+ 22. Nxd4 Ng3 23. Rxe8+ Rxe8 24. Rf2 Re1+ 25. Kh2 Nf1+ 26. Kg1 Ng3+
1/2-1/2

[Event "Cto Equipos Aragon 2013 Preferente I"]
[Site "Aragon"]
[Date "2013.03.23"]
[Round "9.37"]
[White "Aparicio Navarro, Pedro Jose"]
[Black "Soriano Ascaso, Ignacio"]
[Result "1-0"]
[WhiteElo "2175"]
[BlackElo "2131"]
[PlyCount "121"]
[EventDate "2013.??.??"]
[EventType "tourn"]
[EventRounds "9"]
[EventCountry "ESP"]
[WhiteTeam "Helios B"]
[BlackTeam "Sabiñanigo"]

1. Nf3 d5 2. c4 d4 3. e3 Nc6 4. b4 dxe3 5. fxe3 Nxb4 6. d4 e5 7. a3 e4 8. axb4
exf3 9. Qxf3 Bxb4+ 10. Bd2 Bxd2+ 11. Nxd2 c5 12. Ne4 Nh6 13. Nxc5 O-O 14. Bd3
Qh4+ 15. g3 Qh3 16. Bf1 Qf5 17. Qxf5 Nxf5 18. Kd2 Re8 19. Ra3 b6 20. Bg2 Rb8
21. Na4 Nd6 22. Nb2 a6 23. Bd5 Ne4+ 24. Bxe4 Rxe4 25. Nd3 Bb7 26. Rb1 Re6 27.
d5 Rh6 28. h4 Rg6 29. Rab3 b5 30. Nf4 Rxg3 31. cxb5 a5 32. Ra1 h6 33. Rxa5 g5
34. hxg5 hxg5 35. Ne2 Rg2 36. e4 f5 37. Rg3 Rxg3 38. Nxg3 fxe4 39. Nxe4 Rd8 40.
b6 g4 41. Ke3 g3 42. Kf3 Kf8 43. Kxg3 Bxd5 44. Kf4 Bxe4 45. Kxe4 Ke7 46. Ke5
Rb8 47. Rb5 Kd7 48. Kd5 Rh8 49. Rc5 Rb8 50. Rc7+ Kd8 51. Rc6 Kd7 52. Kc5 Rh8
53. Rc7+ Kd8 54. Kc6 Rh6+ 55. Kb7 Rh1 56. Rc5 Rh7+ 57. Kb8 Rh6 58. Rd5+ Ke7 59.
b7 Ke6 60. Rb5 Kd7 61. Ka7 1-0

[Event "Cto Equipos Aragon 2013 Preferente I"]
[Site "Aragon"]
[Date "2013.03.23"]
[Round "9.38"]
[White "Ainsa Claver, Ignacio"]
[Black "Munoz Munoz, Juan Carlos"]
[Result "0-1"]
[WhiteElo "1974"]
[BlackElo "2092"]
[PlyCount "100"]
[EventDate "2013.??.??"]
[EventType "tourn"]
[EventRounds "9"]
[EventCountry "ESP"]
[WhiteTeam "Sabiñanigo"]
[BlackTeam "Helios B"]

1. c4 g6 2. Nf3 Bg7 3. Nc3 d6 4. g3 e5 5. Bg2 Nf6 6. d3 O-O 7. O-O h6 8. Bd2 a5
9. Rb1 Re8 10. e4 Nc6 11. Nd5 Bg4 12. h3 Bxf3 13. Bxf3 Nd4 14. Bg2 Nd7 15. Be3
Ne6 16. Qd2 Kh7 17. f4 exf4 18. Nxf4 Nxf4 19. Rxf4 Re7 20. d4 Qe8 21. Rh4 h5
22. g4 f5 23. gxf5 gxf5 24. Bg5 Bf6 25. Qf4 Qg6 26. Bxf6 Nxf6 27. Qxf5 Qxf5 28.
exf5 Rg8 29. Kh1 Kh6 30. Rf4 Re3 31. Rf2 b6 32. Rg1 Rg5 33. Kh2 Rd3 34. d5 Re3
35. Bf1 Ne4 36. Rxg5 Kxg5 37. Re2 Rxe2+ 38. Bxe2 h4 39. Bg4 Ng3 40. Kg2 Nxf5
41. Bxf5 Kxf5 42. Kf3 Ke5 43. Kg4 b5 44. b3 bxc4 45. bxc4 Kd4 46. Kxh4 Kxc4 47.
Kg5 Kxd5 48. h4 c5 49. h5 c4 50. Kf4 Ke6 0-1

[Event "Cto Equipos Aragon 2013 Preferente I"]
[Site "Aragon"]
[Date "2013.03.23"]
[Round "9.39"]
[White "Flores Samperiz, Jorge"]
[Black "Pardo Calvo, Carlos"]
[Result "1-0"]
[WhiteElo "1994"]
[BlackElo "1818"]
[PlyCount "71"]
[EventDate "2013.??.??"]
[EventType "tourn"]
[EventRounds "9"]
[EventCountry "ESP"]
[WhiteTeam "Helios B"]
[BlackTeam "Sabiñanigo"]

1. d4 Nf6 2. c4 e6 3. Nc3 d5 4. Nf3 Nbd7 5. e3 c6 6. a3 a5 7. cxd5 exd5 8. Bd3
Bd6 9. O-O O-O 10. Qc2 Re8 11. Re1 Nf8 12. e4 Nxe4 13. Nxe4 dxe4 14. Bxe4 Bg4
15. Ng5 Ng6 16. h3 Bd7 17. Bd2 Qf6 18. Bxg6 hxg6 19. Ne4 Qf5 20. Rac1 Bc7 21.
g4 Qd5 22. Qd3 Bb6 23. Bc3 c5 24. Rcd1 c4 25. Qc2 Bc6 26. f3 Rad8 27. h4 f5 28.
Ng5 Bxd4+ 29. Kg2 Rxe1 30. Bxe1 fxg4 31. Qxg6 gxf3+ 32. Kf1 f2 33. Bxf2 Qh1+
34. Ke2 Re8+ 35. Qxe8+ Bxe8 36. Rxh1 1-0

[Event "Cto Equipos Aragon 2013 Preferente I"]
[Site "Aragon"]
[Date "2013.03.23"]
[Round "9.40"]
[White "Garcia Estruch, Jorge"]
[Black "Moreno Antonio, Mario"]
[Result "1-0"]
[WhiteElo "1796"]
[BlackElo "1795"]
[PlyCount "107"]
[EventDate "2013.??.??"]
[EventType "tourn"]
[EventRounds "9"]
[EventCountry "ESP"]
[WhiteTeam "Sabiñanigo"]
[BlackTeam "Helios B"]

1. e4 e6 2. d4 d5 3. exd5 exd5 4. c4 Bb4+ 5. Nc3 Nf6 6. a3 Bxc3+ 7. bxc3 O-O 8.
Nf3 Re8+ 9. Be2 dxc4 10. O-O Be6 11. Ne5 Nd5 12. Bxc4 Nxc3 13. Qd3 Nd5 14. f4
f6 15. f5 Bf7 16. Nxf7 Kxf7 17. Qb3 Kf8 18. Bxd5 c6 19. Qb4+ Re7 20. Be6 Na6
21. Qc3 Nc7 22. Ba2 Nd5 23. Bxd5 Qxd5 24. Qc5 Qd7 25. Bf4 b6 26. Qb4 Kg8 27.
Bg3 Re4 28. Qc4+ Kh8 29. Bf2 Rc8 30. Rfe1 Qxf5 31. Rxe4 Qxe4 32. Re1 Qg6 33.
Qe6 Rf8 34. Qxc6 h5 35. d5 Qg4 36. d6 Rc8 37. Qe4 Qd7 38. Qe7 Rd8 39. Bg3 h4
40. Bf4 Kg8 41. Qxd7 Rxd7 42. Rc1 Kf8 43. h3 Ke8 44. Rc8+ Rd8 45. Rc7 Rd7 46.
Kf2 g5 47. Bh2 f5 48. Be5 g4 49. hxg4 fxg4 50. Rc4 Rf7+ 51. Rf4 h3 52. Rxf7
Kxf7 53. gxh3 gxh3 54. Kg3 1-0

[Event "Cto Equipos Aragon 2013 Preferente I"]
[Site "Aragon"]
[Date "2013.03.23"]
[Round "9.41"]
[White "Llanes Luno, Ricardo"]
[Black "Malo Guillen, Jose Luis"]
[Result "1/2-1/2"]
[WhiteElo "2187"]
[BlackElo "2170"]
[PlyCount "98"]
[EventDate "2013.??.??"]
[EventType "tourn"]
[EventRounds "9"]
[EventCountry "ESP"]
[WhiteTeam "CCOO Delicias"]
[BlackTeam "Las Fuentes"]

1. e4 d6 2. d4 Nf6 3. Nc3 g6 4. Bg5 Bg7 5. Qd2 h6 6. Bh4 g5 7. Bg3 Nh5 8. O-O-O
Nc6 9. Nge2 Bd7 10. f3 Nxg3 11. hxg3 e6 12. f4 g4 13. d5 Ne7 14. Nd4 a6 15. Rh5
exd5 16. exd5 Ng8 17. Qd3 Qf6 18. Ne4 Qxd4 19. Qxd4 Bxd4 20. Rxd4 O-O-O 21. Bd3
f5 22. Nc3 Nf6 23. Rh1 Rde8 24. Kd2 h5 25. a4 Rh7 26. b4 Reh8 27. Rh4 Ng8 28.
a5 Ne7 29. b5 axb5 30. Nxb5 Kb8 31. Nc3 Ng6 32. Rh1 h4 33. Rb4 Ka7 34. Rhb1 Rb8
35. gxh4 Nxh4 36. Bf1 Rhh8 37. Ne2 Ng6 38. g3 Ne7 39. c4 b6 40. axb6+ Rxb6 41.
Rxb6 cxb6 42. Ke3 Rh2 43. Nd4 Ra2 44. Bd3 Kb7 45. Rh1 Kc7 46. Rh7 Kd8 47. Rh8+
Kc7 48. Rh7 Kd8 49. Rh8+ Kc7 1/2-1/2

[Event "Cto Equipos Aragon 2013 Preferente I"]
[Site "Aragon"]
[Date "2013.03.23"]
[Round "9.42"]
[White "Alonso Blasco, Jose Miguel"]
[Black "Roche Simon, Manuel Angel"]
[Result "1/2-1/2"]
[WhiteElo "2116"]
[BlackElo "2134"]
[PlyCount "136"]
[EventDate "2013.??.??"]
[EventType "tourn"]
[EventRounds "9"]
[EventCountry "ESP"]
[WhiteTeam "Las Fuentes"]
[BlackTeam "CCOO Delicias"]

1. e4 e6 2. d4 d5 3. Nd2 Nf6 4. e5 Nfd7 5. c3 c5 6. Bd3 Nc6 7. Ne2 cxd4 8. cxd4
f6 9. exf6 Nxf6 10. O-O Bd6 11. Nf3 O-O 12. Bf4 Bxf4 13. Nxf4 Ne4 14. Nh5 Qb6
15. Ng3 Nxg3 16. hxg3 g6 17. Qa4 a6 18. Rab1 Bd7 19. Rfd1 Rae8 20. Rd2 Re7 21.
Rf1 Ref7 22. Qd1 Rxf3 23. gxf3 Nxd4 24. Be4 Bb5 25. Re1 dxe4 26. Rxd4 exf3 27.
Ree4 Be2 28. Qb3 Qxb3 29. axb3 Rc8 30. Rd7 Rc1+ 31. Kh2 Bb5 32. Rxb7 Rd1 33.
Rxe6 Rd2 34. Ree7 Kf8 35. Rxh7 Rxf2+ 36. Kh3 Kg8 37. Rhe7 Kf8 38. Rf7+ Kg8 39.
Rfc7 Re2 40. Rg7+ Kf8 41. Rbf7+ Ke8 42. Rxf3 Rxb2 43. Re3+ Kd8 44. Kh4 Rd2 45.
Ree7 Rd5 46. Rh7 g5+ 47. Kh3 Kc8 48. Ra7 Kb8 49. Rae7 Rd8 50. Rb7+ Ka8 51. Rbg7
Bd3 52. Ra7+ Kb8 53. Rhb7+ Kc8 54. Ra8+ Kxb7 55. Rxd8 Bc2 56. Rd4 Bf5+ 57. g4
Be6 58. b4 Kc6 59. Kg3 Kb5 60. Re4 Bc4 61. Re5+ Kxb4 62. Rxg5 a5 63. Rg7 a4 64.
Rb7+ Kc3 65. Ra7 Kb3 66. g5 a3 67. g6 a2 68. g7 Kb2 1/2-1/2

[Event "Cto Equipos Aragon 2013 Preferente I"]
[Site "Aragon"]
[Date "2013.03.23"]
[Round "9.43"]
[White "Naya Sancho, Jose Ignacio"]
[Black "Javierre Conesa, Alfonso"]
[Result "1-0"]
[WhiteElo "2130"]
[BlackElo "2011"]
[PlyCount "69"]
[EventDate "2013.??.??"]
[EventType "tourn"]
[EventRounds "9"]
[EventCountry "ESP"]
[WhiteTeam "CCOO Delicias"]
[BlackTeam "Las Fuentes"]

1. d4 d5 2. c4 c6 3. Nc3 Nf6 4. Nf3 e6 5. cxd5 exd5 6. Qc2 Nbd7 7. Bg5 Be7 8.
e3 O-O 9. Bd3 Re8 10. O-O Nf8 11. Bxf6 Bxf6 12. b4 a6 13. a4 Qd6 14. b5 axb5
15. axb5 Rxa1 16. Rxa1 c5 17. dxc5 Qxc5 18. Ne4 Qe7 19. Nxf6+ Qxf6 20. Ra8 Bd7
21. Rxe8 Bxe8 22. Nd4 Qb6 23. Nf5 Qd8 24. Qc8 Qd7 25. Qxd7 Bxd7 26. Ne7+ Kh8
27. Nxd5 Ne6 28. Kf1 Nc5 29. Be2 Kg8 30. Ke1 Kf8 31. f3 Be6 32. Bc4 Bxd5 33.
Bxd5 Ke7 34. Kd2 Kd6 35. Bxf7 1-0

[Event "Cto Equipos Aragon 2013 Preferente I"]
[Site "Aragon"]
[Date "2013.03.23"]
[Round "9.44"]
[White "Morato Garcia, Jesus"]
[Black "Llanes Luno, Pedro Alfredo"]
[Result "0-1"]
[WhiteElo "1933"]
[BlackElo "2102"]
[PlyCount "88"]
[EventDate "2013.??.??"]
[EventType "tourn"]
[EventRounds "9"]
[EventCountry "ESP"]
[WhiteTeam "Las Fuentes"]
[BlackTeam "CCOO Delicias"]

1. d4 Nf6 2. Nf3 g6 3. c4 Bg7 4. Nc3 O-O 5. Bf4 d6 6. e3 Nbd7 7. Be2 c6 8. O-O
Qe8 9. h3 e5 10. Bh2 Qe7 11. b4 e4 12. Nd2 d5 13. c5 Ne8 14. b5 Nxc5 15. Rc1
Ne6 16. bxc6 bxc6 17. Qb3 Qg5 18. Ndxe4 dxe4 19. Nxe4 Qd5 20. Qb1 Nd8 21. Nc5
Bf5 22. e4 Bxe4 23. Nxe4 Qxd4 24. Nc5 Be5 25. Bxe5 Qxe5 26. Rfe1 Nf6 27. Bf3
Qd6 28. Qb3 Nd5 29. Red1 Ne6 30. Bxd5 cxd5 31. Rxd5 Qf4 32. Rc4 Nxc5 33. Rdxc5
Qd2 34. Rc7 Qe1+ 35. Kh2 Qxf2 36. Qa4 a5 37. Rf4 Qb6 38. Qd7 Rad8 39. Qe7 Rde8
40. Qd7 Re1 41. Rxf7 Qg1+ 42. Kg3 Re3+ 43. Kh4 Qe1+ 44. Kg5 Re5+ 0-1

[Event "Cto Equipos Aragon 2013 Preferente I"]
[Site "Aragon"]
[Date "2013.03.23"]
[Round "9.45"]
[White "Gomez Salinas, Nestor"]
[Black "Del Corral Abancens, Alfonso"]
[Result "1-0"]
[WhiteElo "1883"]
[BlackElo "1923"]
[PlyCount "49"]
[EventDate "2013.??.??"]
[EventType "tourn"]
[EventRounds "9"]
[EventCountry "ESP"]
[WhiteTeam "Ramiro C"]
[BlackTeam "Shatranj"]

1. e4 c5 2. Nf3 d6 3. d4 cxd4 4. Nxd4 Nf6 5. Nc3 g6 6. Be3 Bg7 7. Bc4 O-O 8.
O-O Nxe4 9. Nxe4 d5 10. Nb5 a6 11. Bxd5 axb5 12. c3 Nc6 13. Bc5 Qc7 14. Qb3 Rd8
15. Bxf7+ Kh8 16. Ng5 Qe5 17. Be3 h6 18. Nf3 Qf5 19. Nh4 Na5 20. Rad1 Rxd1 21.
Rxd1 Nxb3 22. Rd8+ Bf8 23. Nxf5 Rxa2 24. Rxf8+ Kh7 25. Bg8+ 1-0

[Event "Cto Equipos Aragon 2013 Preferente I"]
[Site "Aragon"]
[Date "2013.03.23"]
[Round "9.46"]
[White "Munoz Bornao, Miguel Angel"]
[Black "Abad Vinas, Jesus Manuel"]
[Result "0-1"]
[WhiteElo "1778"]
[BlackElo "1872"]
[PlyCount "78"]
[EventDate "2013.??.??"]
[EventType "tourn"]
[EventRounds "9"]
[EventCountry "ESP"]
[WhiteTeam "Shatranj"]
[BlackTeam "Ramiro C"]

1. e4 g6 2. d4 Bg7 3. Nf3 d6 4. h3 Nf6 5. Bd3 Nbd7 6. O-O O-O 7. Be3 c5 8. c3
b6 9. Nbd2 e5 10. Nc4 Qe7 11. Bg5 h6 12. Bh4 Rd8 13. Re1 Bb7 14. a4 cxd4 15.
cxd4 exd4 16. Nxd4 Ne5 17. Rc1 Rac8 18. f3 Nxd3 19. Qxd3 Ba6 20. b3 Rc5 21. Bf2
Nh5 22. Ne2 Rg5 23. Red1 Bf6 24. f4 Ra5 25. Qf3 Bxc4 26. Rxc4 b5 27. axb5 Rxb5
28. Nd4 Bxd4 29. Rcxd4 Rdb8 30. Qc3 Nxf4 31. Qc6 Ne2+ 32. Kh1 Nxd4 33. Bxd4
Rxb3 34. Qd5 Qb7 35. Qa5 Re8 36. Qa1 Qxe4 37. Bh8 Rxh3+ 38. Kg1 Qe3+ 39. Kf1
Rh1# 0-1

[Event "Cto Equipos Aragon 2013 Preferente I"]
[Site "Aragon"]
[Date "2013.03.23"]
[Round "9.47"]
[White "Iglesias Fernandez, Luis"]
[Black "Ballonga Arruebo, Alejandro"]
[Result "1-0"]
[WhiteElo "1862"]
[BlackElo "1706"]
[PlyCount "55"]
[EventDate "2013.??.??"]
[EventType "tourn"]
[EventRounds "9"]
[EventCountry "ESP"]
[WhiteTeam "Ramiro C"]
[BlackTeam "Shatranj"]

1. e4 e6 2. d4 d5 3. Bd3 Nf6 4. Bg5 Be7 5. Bxf6 Bxf6 6. e5 Be7 7. Nf3 c5 8. c3
Nc6 9. O-O Qb6 10. Na3 c4 11. Bxc4 dxc4 12. Nxc4 Qc7 13. Nfd2 b5 14. Ne3 Bb7
15. Qh5 Rd8 16. f4 g6 17. Qh3 Nxd4 18. cxd4 Rxd4 19. Nb3 Re4 20. Ng4 Qb6+ 21.
Kh1 Re2 22. Rg1 a5 23. Qd3 Rxb2 24. Rad1 h5 25. Nf6+ Bxf6 26. Qd7+ Kf8 27. exf6
Qc6 28. Qe7+ 1-0

[Event "Cto Equipos Aragon 2013 Preferente I"]
[Site "Aragon"]
[Date "2013.03.23"]
[Round "9.48"]
[White "Santos Hernandez, Higinio"]
[Black "Gaston Cabello, Jorge Luis"]
[Result "1-0"]
[WhiteElo "1630"]
[BlackElo "1806"]
[PlyCount "71"]
[EventDate "2013.??.??"]
[EventType "tourn"]
[EventRounds "9"]
[EventCountry "ESP"]
[WhiteTeam "Shatranj"]
[BlackTeam "Ramiro C"]

1. d4 Nf6 2. Nf3 e6 3. Bg5 Be7 4. e3 b6 5. Bd3 Bb7 6. O-O h6 7. Bxf6 Bxf6 8. e4
c5 9. c3 Nc6 10. d5 Ne5 11. Nxe5 Bxe5 12. f4 Bc7 13. dxe6 dxe6 14. Bb5+ Kf8 15.
Qe2 Qe7 16. Nd2 a6 17. Ba4 b5 18. Bc2 c4 19. e5 Qc5+ 20. Kh1 h5 21. Be4 Bxe4
22. Nxe4 Qc6 23. Rad1 g6 24. Nf6 Kg7 25. Rd7 Rad8 26. Rfd1 Rxd7 27. Rxd7 Bd8
28. Rd6 Qc5 29. Ne4 Qc8 30. Qe3 Be7 31. Rd1 Rd8 32. Nd6 Qc6 33. Qd2 f6 34. Qd4
fxe5 35. Qxe5+ Kf8 36. Qh8# 1-0

[Event "Cto Equipos Aragon 2013 Preferente II"]
[Site "Aragon"]
[Date "2013.03.23"]
[Round "9.57"]
[White "Cebrian Valverde, Jose Antonio"]
[Black "Castillo Sanjuan, Daniel"]
[Result "1-0"]
[WhiteElo "2129"]
[BlackElo "2017"]
[PlyCount "99"]
[EventDate "2013.??.??"]
[EventType "tourn"]
[EventRounds "9"]
[EventCountry "ESP"]
[WhiteTeam "San Jose"]
[BlackTeam "Ibercaja C"]

1. d4 {[%emt 0:00:00]} Nf6 2. Nf3 g6 3. c4 Bg7 4. Nc3 O-O 5. e4 d6 6. Be2 e5 7.
O-O Nc6 8. d5 Ne7 9. Bg5 h6 10. Bxf6 Bxf6 11. b4 Bg7 12. c5 f5 13. Rc1 a6 14.
Nd2 f4 15. Bg4 h5 16. Bxc8 Rxc8 17. Qe2 Qd7 18. Rc2 Kh8 19. cxd6 cxd6 20. Rfc1
b5 21. Nd1 Rxc2 22. Rxc2 Rc8 23. Nb3 Rxc2 24. Qxc2 f3 25. gxf3 g5 26. Ne3 Qh3
27. Qc7 Ng6 28. Nf5 Bf8 29. Qf7 Qxf3 30. Qxg6 Qg4+ 31. Ng3 h4 32. Qf5 Qd1+ 33.
Nf1 Bh6 34. Qc8+ Kh7 35. Qd7+ Bg7 36. Nbd2 Qa1 37. Qf5+ Kh6 38. Nf3 Qc1 39. Kg2
Qf4 40. Qxf4 exf4 41. N1d2 Kh5 42. h3 g4 43. hxg4+ Kxg4 44. Nh2+ Kg5 45. Ndf3+
Kh5 46. Kh3 Bc3 47. a3 Bb2 48. e5 dxe5 49. d6 e4 50. Ng4 1-0

[Event "Cto Equipos Aragon 2013 Preferente II"]
[Site "Aragon"]
[Date "2013.03.23"]
[Round "9.59"]
[White "Rubio Tello, Abel"]
[Black "Orriach Gonzalez, Juan Manuel"]
[Result "1-0"]
[WhiteElo "1864"]
[BlackElo "1782"]
[PlyCount "33"]
[EventDate "2013.??.??"]
[EventType "tourn"]
[EventRounds "9"]
[EventCountry "ESP"]
[WhiteTeam "San Jose"]
[BlackTeam "Ibercaja C"]

1. d4 {[%emt 0:00:00]} e6 2. Nf3 Nf6 3. Bg5 d5 4. e3 c5 5. c3 Nc6 6. Bd3 Be7 7.
O-O O-O 8. Nbd2 Qb6 9. Rb1 h6 10. Bf4 Bd7 11. Ne5 Rad8 12. Qf3 Bc8 13. Qh3 Rfe8
14. Bxh6 gxh6 15. Qxh6 Nxe5 16. dxe5 Bf8 17. Qg5+ 1-0